000
00208 a2200097 4500
001
56161
100
_a
245
_a
Registeration act ( XVI of 1908)
260
_a
Islamabad
_b
N.B.F
_c
090
_c
34767
_d
34767
942
_a
NUST-CAE
_c
_c
27521
999
_c
291234
_d
291234